Weiß-Rot - Rot-Weiß-Rot

Titel: Weiß-Rot - Rot-Weiß-Rot : historische Momente polnisch-österreichischer Beziehungen vom 14. - 20. Jahrhundert ; Ausstellung im Österreichischen Staatsarchiv/haus-, Hof- und Staatsarchiv, 25. Oktober 2005 - 27. Jänner 2006 / Österreichisches Staatsarchiv. [Hrsg.: Österreichisches Staatsarchiv, Generaldirektion. Red.: Leopold Auer ...]
Beteiligt:
Körperschaft:
Veröffentlicht: Wien : Österr. Staatsarchiv, Generaldirektion, 2005
Umfang: 76 S. : Ill. ; 21 cm
Format: Buch
Sprache: Deutsch
Kein Bild verfügbar
X
alg: 18053453
001A    $06000:21-08-06 
001B    $01999:20-08-22 $t18:35:04.000 
001C    $06000:21-08-06 $t15:53:55.000 
001D    $06000:21-08-06 
001U    $0utf8 
001X    $00 
002@    $0Aaxaf 
003@    $018053453X 
003O    $0162430792 $aOCoLC 
004A    $fkart. 
006G    $0979706068 
006U    $006,B35,0816 $f20060512 
007A    $0979706068 $aDNB 
010@    $ager 
011@    $a2005 $n2005 
015@    $00 
017A    $asf 
021A    $aWeiß-Rot - Rot-Weiß-Rot $dhistorische Momente polnisch-österreichischer Beziehungen vom 14. - 20. Jahrhundert ; Ausstellung im Österreichischen Staatsarchiv/haus-, Hof- und Staatsarchiv, 25. Oktober 2005 - 27. Jänner 2006 $hÖsterreichisches Staatsarchiv. [Hrsg.: Österreichisches Staatsarchiv, Generaldirektion. Red.: Leopold Auer ...] 
028C    $BHrsg. $#Auer, Leopold $D20220215 $Ecgwrk $7133677842 $8Auer, Leopold$Z1944- [Tp1] $9192518526 
029F    $RÖsterreich $#Staatsarchiv Österreich $#Österreich, Staatsarchiv $#Staatsarchiv Wien $#Archivio di stato austriaco $#Austrian State Archives $#State Archives Austria $#Archives nationales autrichiennes $#Avstrijski dăržaven archiv $#ÖStA $#Österreich, Bundeskanzleramt, Österreichisches Staatsarchiv $#Австрийски държавен архив $737748-X $8Österreichisches Staatsarchiv [Tb1] $9040376079 
033A    $pWien $nÖsterr. Staatsarchiv, Generaldirektion 
034D    $a76 S. 
034I    $a21 cm 
034M    $aIll. 
045E    $c940 
045F    $a943.6074 $eDDC22ger 
045F/01 $a943.6 
045F/02 $a943.8 
045F/03 $f074 

lok: 18053453 3
101B    $029-09-06 $t10:46:31.000 
101C    $029-09-06 
145S/06 $a039 
101U    $0utf8 

exp: 18053453 3 1 #EPN
201B/01 $005-10-06 $t11:47:18.000 
201C/01 $028-09-06 
203@/01 $0462366499 
208@/01 $a29-09-06 $ba 
209A/01 $avergriffen $da $f000 $x00 
247C/01 $8601000-3 <30>Frankfurt, Universitätsbibliothek J. C. Senckenberg, Zentralbibliothek (ZB) $9102598258 
201U/01 $0utf8 

lok: 18053453 24

exp: 18053453 24 1 #EPN
201B/01 $002-01-07 $t13:00:40.000 
201C/01 $002-01-07 
201U/01 $0utf8 
203@/01 $0499348567 
208@/01 $a02-01-07 $ba 
209A/01 $azur Erwerbung bestellt $da $f050 $x00 
220C/01 $awar 
247C/01 $8358050-7 Marburg, Bibliothek des Herder-Instituts Marburg $9102600961
LEADER 00000cam a22000002c 4500
001 18053453X
003 DE-603
005 20220820183504.0
007 tu
008 060821s2005 xx |||| | u00||u|ger
015 |a 06,B35,0816  |2 dnb 
016 7 |2 DE-101  |a 979706068 
035 |a (DE-599)DNB979706068 
035 |a (OCoLC)162430792 
040 |a DE-603  |b ger  |c DE-603  |d DE-603 
041 |a ger 
082 0 4 |8 1\u  |a 943.6074  |q DE-101  |2 22/ger 
084 |a 940  |q DE-101  |2 sdnb 
085 |8 1\u  |b 943.6 
085 |8 1\u  |s 943.8 
085 |8 1\u  |z 1  |s 074 
090 |a b 
245 0 0 |a Weiß-Rot - Rot-Weiß-Rot  |b historische Momente polnisch-österreichischer Beziehungen vom 14. - 20. Jahrhundert ; Ausstellung im Österreichischen Staatsarchiv/haus-, Hof- und Staatsarchiv, 25. Oktober 2005 - 27. Jänner 2006  |c Österreichisches Staatsarchiv. [Hrsg.: Österreichisches Staatsarchiv, Generaldirektion. Red.: Leopold Auer ...] 
264 1 |a Wien  |b Österr. Staatsarchiv, Generaldirektion  |c 2005 
300 |a 76 S.  |b Ill.  |c 21 cm 
700 1 |a Auer, Leopold  |d 1944-  |e Hrsg.  |4 edt  |0 (DE-603)192518526  |0 (DE-588)133677842  |2 gnd 
710 2 |a Österreichisches Staatsarchiv  |0 (DE-603)040376079  |0 (DE-588)37748-X  |2 gnd 
924 0 |9 30  |a (DE-603)462366499  |b DE-30  |c HES  |d d  |g vergriffen 
924 0 |9 Mb 50  |a (DE-603)499348567  |b DE-Mb50  |c HES  |d d  |g zur Erwerbung bestellt